Handbook on women and human rights : (Record no. 136611)
[ view plain ]
| 000 -LEADER | |
|---|---|
| fixed length control field | 01285nam a2200241 4500 |
| 010 ## - LIBRARY OF CONGRESS CONTROL NUMBER | |
| LC control number | B-058847 |
| 020 ## - INTERNATIONAL STANDARD BOOK NUMBER | |
| International Standard Book Number | 8173913900 |
| Terms of availability | 1495(Set) |
| 035 ## - SYSTEM CONTROL NUMBER | |
| System control number | B-058847 |
| 037 ## - SOURCE OF ACQUISITION | |
| Source of stock number/acquisition | Cen Lib / Ret |
| 040 ## - CATALOGING SOURCE | |
| Original cataloging agency | DPL |
| Language of cataloging | EN |
| 082 ## - DEWEY DECIMAL CLASSIFICATION NUMBER | |
| Classification number | 305.4 |
| Item number | SID |
| 100 ## - MAIN ENTRY--PERSONAL NAME | |
| Personal name | Siddiqi, Fatima Ehtesham |
| 245 ## - TITLE STATEMENT | |
| Title | Handbook on women and human rights : |
| Remainder of title | a guide for social activists / |
| Statement of responsibility, etc | by Fatima Ehtesham Siddiqi ; Sarala Ranganathan |
| 260 ## - PUBLICATION, DISTRIBUTION, ETC. (IMPRINT) | |
| Place of publication, distribution, etc | New Delhi |
| Name of publisher, distributor, etc | Kanishka Publishers |
| Date of publication, distribution, etc | 2001 |
| 270 ## - ADDRESS | |
| Address | 4697/5-21A, Ansari Road, Daryaganj |
| City | New Delhi |
| Postal code | 110002 |
| 300 ## - PHYSICAL DESCRIPTION | |
| Extent | (pt 1. 471) |
| Other physical details | 24cm(Hb) |
| 505 ## - FORMATTED CONTENTS NOTE | |
| Formatted contents note | 2 pt. ; pt 1. Empowerment and employment : attaining integrated development. Status of women : global and national perspectives ; Offences against women ; Changing role of women in contemporary period ; Advancement of women ; Rights of women in various religions ; Women empowerment ; Women and human rights ; Human rights of women in India ; International standards and laws in india ; Beijing declaration and plan of action ; pt 2. (not available) |
| 650 ## - SUBJECT ADDED ENTRY--TOPICAL TERM | |
| Topical term or geographic name as entry element | Women's rights -- Developing countries. |
| 650 ## - SUBJECT ADDED ENTRY--TOPICAL TERM | |
| Topical term or geographic name as entry element | Women's rights -- India. |
| 650 ## - SUBJECT ADDED ENTRY--TOPICAL TERM | |
| Topical term or geographic name as entry element | Women -- Developing countries -- Social conditions. |
| 700 ## - ADDED ENTRY--PERSONAL NAME | |
| Personal name | Sarala Ranganathan |
| 942 ## - ADDED ENTRY ELEMENTS (KOHA) | |
| Source of classification or shelving scheme | Dewey Decimal Classification |
| Koha item type | English Books |
| Classification part | 305.4 |
| Call number suffix | SID |
| Withdrawn status | Lost status | Materials specified (bound volume or other part) | Damaged status | Not for loan | Home library | Current library | Date acquired | Source of acquisition | Cost, normal purchase price | Total Checkouts | Full call number | Barcode | Date last seen | Copy number | Cost, replacement price | Price effective from | Koha item type |
|---|---|---|---|---|---|---|---|---|---|---|---|---|---|---|---|---|---|
| pt 1 | Central Library | Central Library | 05/03/2016 | Cen Lib/Ret | 1495.00 | 305.4 SID | B-058847 | 05/03/2016 | 1 | 1495.00 | 05/03/2016 | English Books |
